000
002970000a22000970004500
100
1
_a
Walsh, Carey Ellen
245
1
0
_a
Under the influence : Trust and risk in biblical family drinking
300
_a
Núm 90 (2000), Páginas 13-29
773
0
_t
Journal for the Study of the Old Testament
942
_c
ANA
999
_c
54704
_d
54704